000 00856nam a2200289Ia 4500
001 Z_4926
003 CHAP
008 220113s2001 xx 000 0 und d
010 _a167981
040 _cCHAP
090 _aFolleto 644
100 _aCurso Internacional de Reproducción Animal (24 : 2001 : Madrid, España)
_9142211
245 _aMemorias /
_cpor Mininsterio de Ciencia y Tecnología
260 _aMadrid :
_bMinisterio de Ciencia y Tecnología,
_c2001
300 _adif. pag.
650 _aEmbriones
_xConservación
_9142212
650 _aGanado de doble propósito
_9142213
650 _aGanado lanar
_xEmbriones
_9142214
650 _aGanado lanar
_xReproducción
_945220
650 _aOvulación, rumiantes
_9142215
901 _aFOLLETO 644
902 _aM
910 _a2001
942 _cc14
942 _cc14
999 _c167981
_d167981